Working structures of parliaments in East Africa / (Record no. 1947)

MARC details
000 -LEADER
fixed length control field 01681cam a2200373 a 4500
001 - CONTROL NUMBER
control field 14399465
003 - CONTROL NUMBER IDENTIFIER
control field OSt
005 - DATE AND TIME OF LATEST TRANSACTION
control field 20230621083239.0
008 - FIXED-LENGTH DATA ELEMENTS--GENERAL INFORMATION
fixed length control field 060605s2003 ke 000 0 eng d
010 ## - LIBRARY OF CONGRESS CONTROL NUMBER
LC control number 2006306623
020 ## - INTERNATIONAL STANDARD BOOK NUMBER
International Standard Book Number 9966957146
035 ## - SYSTEM CONTROL NUMBER
System control number (CStRLIN)CUBGGLAD151854841-B
035 ## - SYSTEM CONTROL NUMBER
System control number (CU)GLAD151854841
040 ## - CATALOGING SOURCE
Original cataloging agency FUG
Transcribing agency FUG
Modifying agency C@R
-- CUY
-- DLC
042 ## - AUTHENTICATION CODE
Authentication code lccopycat
-- lcode
043 ## - GEOGRAPHIC AREA CODE
Geographic area code fe-----
082 ## - DEWEY DECIMAL CLASSIFICATION NUMBER
Classification number 328
Item number FRI
245 00 - TITLE STATEMENT
Title Working structures of parliaments in East Africa /
Statement of responsibility, etc. [editor, Francis Ang'ila].
260 ## - PUBLICATION, DISTRIBUTION, ETC. (IMPRINT)
Place of publication, distribution, etc. Nairobi, Kenya :
Name of publisher, distributor, etc. Friedrich Ebert Foundation :
-- Legis Consult,
Date of publication, distribution, etc. [2003]
300 ## - PHYSICAL DESCRIPTION
Extent 28 p. ;
Dimensions 21 cm.
500 ## - GENERAL NOTE
General note "This study is a collaborative effort between the Friedrich Ebert Stiftung (FES Kenya) and Legis Consult, a firm of legislative consultants based in Nairobi."--Foreword.
505 0# - FORMATTED CONTENTS NOTE
Formatted contents note List of abbreviations -- Foreword -- Section I. Introduction -- Section II. The Parliamentary system in Uganda -- Section III. The Parliamentary system in Tanzania -- Section IV. The Parliamentary system in Kenya -- Section V. Conclusions and recommendations : Procedure and working -- The legislative process -- The committee system -- Publicity and outreach.
610 10 - SUBJECT ADDED ENTRY--CORPORATE NAME
Corporate name or jurisdiction name as entry element Uganda.
Subordinate unit Parliament.
610 10 - SUBJECT ADDED ENTRY--CORPORATE NAME
Corporate name or jurisdiction name as entry element Tanzania.
Subordinate unit Bunge.
610 10 - SUBJECT ADDED ENTRY--CORPORATE NAME
Corporate name or jurisdiction name as entry element Kenya.
Subordinate unit National Assembly.
650 #0 - SUBJECT ADDED ENTRY--TOPICAL TERM
Topical term or geographic name as entry element Legislative bodies
Geographic subdivision Africa, East.
650 #0 - SUBJECT ADDED ENTRY--TOPICAL TERM
Topical term or geographic name as entry element Parliamentary practice
Geographic subdivision Africa, East.
700 1# - ADDED ENTRY--PERSONAL NAME
Personal name Ang'ila, Francis.
710 2# - ADDED ENTRY--CORPORATE NAME
Corporate name or jurisdiction name as entry element Friedrich-Ebert-Stiftung.
710 2# - ADDED ENTRY--CORPORATE NAME
Corporate name or jurisdiction name as entry element Legis Consult.
906 ## - LOCAL DATA ELEMENT F, LDF (RLIN)
a 7
b cbc
c copycat
d 3
e ncip
f 20
g y-gencatlg
942 ## - ADDED ENTRY ELEMENTS (KOHA)
Source of classification or shelving scheme Dewey Decimal Classification
Koha item type Books
Holdings
Withdrawn status Lost status Source of classification or shelving scheme Damaged status Not for loan Home library Current library Date acquired Total Checkouts Full call number Barcode Date last seen Date last checked out Price effective from Koha item type
    Dewey Decimal Classification     County Hall Archives County Hall Archives 06/21/2023 1 328 FRI 10014136 04/23/2026 04/23/2026 06/21/2023 Books
LIBRARY OPENING HOURS

When the Parliament is sitting: 8.00a.m - 7.00p.m or until the house adjourns
Mondays and Fridays and when the House is on Recess:  8.00a.m - 5.00p.m
Closed on Weekends and Public Holidays

Online Public Access Catalog (OPAC)
Website: http://www.parliament.go.ke
Bunge Library: https://libraryir.parliament.go.ke
Contact: library@parliament.go.ke | Tel no: (254-2)2221291 or 2848000 Ext 5043